Civil code

Đã lưu trong:
Bibliografiske detaljer
Institution som forfatter: Vietnam(The Socialist Republic)
Format: Bog
Sprog:Undetermined
Udgivet: Hà Nội Thế giới 1996
Fag:
Tags: Tilføj Tag
Ingen Tags, Vær først til at tagge denne postø!
Thư viện lưu trữ: Trung tâm Học liệu Trường Đại học Cần Thơ
LEADER 00554nam a2200193Ia 4500
001 CTU_37748
008 210402s9999 xx 000 0 und d
020 |b 180000 
082 |a 347.597 
082 |b V666 
110 |a Vietnam(The Socialist Republic) 
245 0 |a Civil code 
245 0 |c Vietnam(The Socialist Republic) 
260 |a Hà Nội 
260 |b Thế giới 
260 |c 1996 
650 |a Civil law ( vietnamese law ) 
904 |i Nguyễn Quang Điền, 000906 
980 |a Trung tâm Học liệu Trường Đại học Cần Thơ